| Tag |
First Indicator |
Second Indicator |
Subfields |
| LEADER |
00000cam a2200000 a 4500 |
| 001 |
in00002704708 |
| 005 |
20151202143106.0 |
| 008 |
110503s2011 ilu 001 1 eng |
| 010 |
|
|
|a 2011017148
|
| 020 |
|
|
|a 9781564786272 (pbk. : alk. paper)
|
| 020 |
|
|
|a 1564786277 (pbk. : alk. paper)
|
| 035 |
|
|
|a (OCoLC)ocn668193907
|
| 035 |
|
|
|a (OCoLC)668193907
|
| 040 |
|
|
|a DLC
|c DLC
|d YDX
|d BTCTA
|d YDXCP
|d ORX
|d UtOrBLW
|
| 041 |
1 |
|
|a eng
|h por
|
| 042 |
|
|
|a pcc
|
| 049 |
|
|
|a TXAM
|
| 050 |
0 |
0 |
|a PQ9282.A89
|b A6713 2011
|
| 082 |
0 |
0 |
|a 869.3/5
|2 23
|
| 100 |
1 |
|
|a Tavares, Gonçalo M.,
|d 1970-
|
| 240 |
1 |
0 |
|a Aprender a rezar na era da Técnica.
|l English
|
| 245 |
1 |
0 |
|a Learning to pray in the age of technique :
|b Lenz Buchmann's position in the world /
|c Gonçalo M. Tavares ; translated by Daniel Hahn.
|
| 250 |
|
|
|a 1st ed.
|
| 264 |
|
1 |
|a Champaign [Ill.] :
|b Dalkey Archive Press,
|c 2011.
|
| 300 |
|
|
|a 342 pages ;
|c 21 cm.
|
| 336 |
|
|
|a text
|b txt
|2 rdacontent
|
| 337 |
|
|
|a unmediated
|b n
|2 rdamedia
|
| 338 |
|
|
|a volume
|b nc
|2 rdacarrier
|
| 490 |
1 |
|
|a Portuguese literature series
|
| 500 |
|
|
|a "Originally published in Portuguese as Aprender a rezar na Era da Técnica by Editorial Caminho, SA, 2007."--Title page verso.
|
| 520 |
|
|
|a "In a city not quite of any particular era, a distant and calculating man named Lenz Buchmann works as a surgeon, treating his patients as little more than equations to be solved: life and death no more than results to be worked through without the least compassion. Soon, however, Buchmann's ambition is no longer content with medicine, and he finds himself rising through the ranks of his country's ruling party . . . until a diagnosis transforms this likely future president from a leading player into just another victim."--P. [4] of cover.
|
| 700 |
1 |
|
|a Hahn, Daniel.
|
| 830 |
|
0 |
|a Portuguese literature series.
|
| 938 |
|
|
|a Baker and Taylor
|b BTCP
|n BK0009284532
|
| 938 |
|
|
|a YBP Library Services
|b YANK
|n 3639515
|
| 947 |
|
|
|a A14840458761
|
| 945 |
|
|
|a PromptCat
|b 582597
|
| 946 |
|
|
|a stk
|
| 994 |
|
|
|a 92
|b TXA
|
| 948 |
|
|
|a Cataloged
|b h
|c 2011/9/19
|d c
|e EGrant
|
| 999 |
|
|
|a MARS
|
| 999 |
f |
f |
|s e2aa9e71-9553-37f2-94d9-1244fdeca1f3
|i d6b36872-4d5a-3680-b385-2516e7740d8a
|t 0
|
| 952 |
f |
f |
|p normal
|a Texas A&M University
|b College Station
|c Sterling C. Evans Library
|d Evans: Library Stacks
|t 0
|e PQ9282.A89 A6713 2011
|h Library of Congress classification
|i unmediated -- volume
|m A14840458761
|
| 998 |
f |
f |
|a PQ9282.A89 A6713 2011
|t 0
|l Evans: Library Stacks
|